000 03169cam a22005174i 4500
003 PE-LiUPU
005 20250731173053.0
008 180308s2017 ne 0 rb 001 0 eng d
020 _a9789004336049
035 _a(Sirsi) a241463
040 _aPE-LiUPU
_bspa
_cPE-LiUPU
_erda
049 _aPRUA
082 0 4 _a201.7
_bC7
_223
245 0 0 _aContesting religious identities :
_btransformations, disseminations, and mediations /
_cedited by Bob Becking, Anne-Marie Korte, and Lucien van Liere.
264 1 _aBoston :
_bBrill,
_c2017.
300 _a301 páginas ;
_c25 centímetros.
336 _atext
_2rdacontent
337 _aunmediated
_2rdamedia
338 _avolume
_2rdacarrier
490 0 _aNumen book series : studies in the history of religions ;
_v156
504 _aBibliografía : al final de cada tema.
504 _aIndice : páginas 297-301.
505 0 _aList of Contributors -- Contesting Religious Identities: An Introduction -- Territories and Diasporas -- Interpreting 'Movement' within Religious Studies: An Introduction to 'Territories and Diasporas' -- Home of the Mother, Exile of the Father: Gender and Space in the Construction of Biblical Identity -- Western Christianity as Part of Postcolonia lWorld Christianity: The 'Body of Christ with AIDS' as an Interstitial Space -- Religion, Media, and the Global -- Beyond Blind Faith: Religious Identities under the Conditions of Late Capitalism -- Media and Texts -- Broken Texts and Distorted Images: An Introduction to 'Media & Texts' Psychoapocalypse: Desiring the Ends of the World -- Dangerous Enthusiasm: An Aspect of the Clash between Cartesianism and Orthodoxy at Utrecht University -- Islam Controversies and Humour: Responses to Comedic Vlogs on the YouTube Battlefield -- Fulla, the Cover-up Girl. Identity Politics via a Doll? -- Resilience Beyond Mimesis, Humanism, Autonomy, and Exemplary Persons -- Bodies and Rituals -- Embodied Faith as Bone of Contention: Introduction to 'Bodies and Rituals' -- Contesting Islam: The Making and Unmaking of Religious Faith Martyrdom as a Contested Practice in Rabbinic Judaism -- Conservative Evangelical Listening Practices and the Embodiment of Faith -- A Material History of Catholic Precarity in Amsterdam -- Epilogue -- At the Threshold: A Panorama for Future Research and Challenges to Religious Studies.
526 _aSEG42
526 _aSEG41
526 _aSEG40
526 _aSEG39
526 _aP94
526 _aP87
526 _aP86
526 _aP85
526 _aP77
526 _aP76
526 _aP35
650 0 4 _aIdentification (Religion).
650 0 4 _aIdentificación (Religión).
700 1 _aBecking, Bob,
_eeditor.
700 1 _aKorte, Anne-Marie,
_eeditor.
700 1 _aLiere, Lucien van,
_eeditor.
910 _adbm
_bksl
_cksl
_d20180308
942 _2ddc
_cBOOK
994 _aC0
_bPEPRU
596 _a1
999 _a201.7 C7
_wLC
_c27090
_i78461
_f2021-11-9
_g4
_lCCODEBUL1
_mBUL
_p32.00
_r0
_sY
_tBOOK
_u2018-3-8
_xTEOLOGIA
_PP35
_0COMPRA
_1FCOMPRA
_o.STAFF. Colección Teología
_d27090
980 _81
_gALBERTO SANCHEZ Responsable de Automatización